Identité sexuelle et persécutions

Uloženo v:
Podrobná bibliografie
Korporativní autor: Amnesty international
Médium: Kniha
Jazyk:angličtina
Vydáno: Paris Amnesty international 2001
Tagy: Přidat tag
Žádné tagy, Buďte první, kdo vytvoří štítek k tomuto záznamu!

MARC

LEADER 00000nam a2200000 4500
005 20231207222314.0
008 231207b |||||||| |||| 00| 0 eng d
020 |a 2876661233 
040 |c C 
110 |a Amnesty international 
245 |a Identité sexuelle et persécutions 
260 |a Paris  |b Amnesty international  |c 2001 
942 |2 ddc  |c BK  |n 0 
952 |0 0  |1 0  |2 ddc  |4 0  |6 306_766000000000000_AMN_IDE  |7 1  |9 369  |a GE  |b GE  |d 2015-12-02  |l 0  |o 306.766 AMN IDE  |p 2801  |r 2023-12-07 22:23:38  |w 2023-12-07  |y BK 
999 |c 269  |d 269